000 00408nam a2200169Ia 4500
005 20240607045120.0
008 240331s9999 xx 000 0 und d
020 _a0745305210
082 _bASS
_a363
100 _aAssiter, A
245 0 _aPornography, feminism and the individual
260 _aLondon
_bPluto Press
_c1989
300 _a166 p.,
650 _aFeminism
650 _aPornography
942 _cL
999 _c2953
_d2953